000 00289nam a22001337a 4500
003 SGT
020 _a8179100197
082 _a371.102,THO
100 _aTHOMAS, B.
245 _aCLASSROOM ENVIRONMENT IN CHILD EDUCATION
260 _aJAIPUR
_bAPD
_c2002
300 _a184
942 _2ddc
_cBK
999 _c33480
_d33480